| 000 | 00654nam a2200205 a 4500 | ||
|---|---|---|---|
| 005 | 20220802113009.0 | ||
| 008 | 010615s1997 mx r 000 0 spa d | ||
| 020 | _a9686533575 | ||
| 035 | _aUPN01000108428 | ||
| 049 | _aCG | ||
| 050 | 4 |
_aPN56 S8.7 _bA5.2 |
|
| 100 | 1 |
_aAndrade, Lourdes, _d1952-2002 _930854 |
|
| 245 | 1 | 0 |
_aArquitectura vegetal : _bla casa deshabitada y el fantasma del deseo / _cLourdes Andrade ; il. María Sada. |
| 260 |
_aMéxico : _bArtes de México : _bCNCA, _c1997. |
||
| 300 |
_a79 p. : _bil. |
||
| 440 | 0 | _aLibros de la espiral | |
| 650 | 2 |
_aSimbolismo en la literatura _910445 |
|
| 650 | 4 |
_aSURREALISMO _914197 |
|
| 905 | _aLibro | ||
| 999 |
_c82340 _d82340 |
||